[Event "Open A"]
[Site "?"]
[Date "2008.??.??"]
[Round "6.17"]
[White "Straka, V."]
[Black "Hadzala, D."]
[Result "1-0"]
[WhiteElo "1978"]
[BlackElo "2099"]
[PlyCount "63"]
[EventDate "2008.??.??"]

1. d4 Nf6 2. c4 d6 3. Nc3 Nbd7 4. e4 e5 5. Nf3 Be7 6. Be2 c6 7. O-O O-O 8. d5
c5 9. a3 Nh5 10. Nxe5 Nxe5 11. Bxh5 Nxc4 12. f4 Bf6 13. Qe2 Na5 14. Qc2 Bd7 15.
Be3 b5 16. Rae1 Nc4 17. e5 Nxe3 18. Rxe3 dxe5 19. fxe5 Bg5 20. Ree1 g6 21. Bf3
Qb6 22. e6 fxe6 23. dxe6 Bc6 24. Nd5 Bxd5 25. Bxd5 c4+ 26. Kh1 Rxf1+ 27. Rxf1
Re8 28. Qc3 Qd6 29. Qd4 Be7 30. Rf7 Bf8 31. e7 Rxe7 32. Rxf8+ 1-0

[Event "OPEN A"]
[Site "?"]
[Date "2008.08.27"]
[Round "6.18"]
[White "Vavrinec, T."]
[Black "Kaiser, R."]
[Result "1-0"]
[WhiteElo "2051"]
[BlackElo "1960"]
[PlyCount "125"]
[EventDate "2008.08.22"]
[SourceDate "2008.08.27"]

1. c4 f5 2. Nc3 Nf6 3. g3 e6 4. Bg2 Bb4 5. Qb3 Bxc3 6. Qxc3 O-O 7. Nf3 d6 8.
O-O e5 9. d3 Nc6 10. b4 Qe8 11. b5 Nd8 12. e3 Qh5 13. c5 e4 14. Nd2 d5 15. Bb2
c6 16. f3 exd3 17. Qxd3 Ne6 18. bxc6 bxc6 19. Qc3 Qh6 20. e4 d4 21. Qc2 f4 22.
Nc4 fxg3 23. hxg3 Ba6 24. Rfd1 Qg5 25. Nd6 Qe3+ 26. Qf2 Qxf2+ 27. Kxf2 Ng4+ 28.
Kg1 Ne3 29. Rd2 d3 30. Rc1 Nxg2 31. Kxg2 Rfd8 32. Be5 Rab8 33. Kf2 Rb4 34. Ke3
Kf8 35. Nf5 g6 36. Bd6+ Ke8 37. Ne7 Nd4 38. Rh1 Nc2+ 39. Kf4 Nd4 40. Rxh7 g5+
41. Ke3 Nc2+ 42. Kf2 Bb5 43. Rxd3 Bxd3 44. Nxc6 Rd7 45. Rh8+ Kf7 46. Ne5+ Kg7
47. Rh5 Bb5 48. Rxg5+ Kh6 49. f4 Rb2 50. Bf8+ Kh7 51. Nxd7 Nb4+ 52. Kf3 Bxd7
53. Rg7+ Kh8 54. Rxd7 Rxa2 55. e5 a5 56. e6 Nc6 57. Rc7 Nd4+ 58. Ke4 Nxe6 59.
Rc8 Kh7 60. Kf5 Nd4+ 61. Kf6 Re2 62. Bg7 Re6+ 63. Kf7 1-0

[Event "OPEN A"]
[Site "?"]
[Date "2008.08.27"]
[Round "6.19"]
[White "Lacha, J."]
[Black "Kozak, M."]
[Result "1/2-1/2"]
[WhiteElo "1979"]
[BlackElo "2209"]
[PlyCount "72"]
[EventDate "2008.08.23"]
[SourceDate "2008.08.27"]

1. e4 e6 2. d3 d5 3. Nd2 Nf6 4. e5 Nfd7 5. f4 c5 6. Ngf3 Nc6 7. c3 Be7 8. g3 b5
9. a4 b4 10. d4 Qc7 11. Bd3 bxc3 12. bxc3 cxd4 13. cxd4 Nb4 14. Qb3 Nxd3+ 15.
Qxd3 a5 16. Kf2 Ba6 17. Qe3 O-O 18. Ba3 Nb6 19. Bxe7 Qxe7 20. Qa3 Qxa3 21. Rxa3
Rfc8 22. Rb1 Nd7 23. Rab3 Kf8 24. g4 Ke7 25. h4 Rc2 26. R3b2 Rac8 27. Ne1 R2c3
28. Rb3 Rc1 29. R3b2 Rxb1 30. Rxb1 h6 31. f5 f6 32. fxe6 Kxe6 33. exf6 Kxf6 34.
Nef3 Rc2 35. Ke3 Rc6 36. Kf4 Ke7 1/2-1/2

[Event "OPEN A"]
[Site "?"]
[Date "2008.08.27"]
[Round "6.20"]
[White "Ptak, P."]
[Black "Macek, K."]
[Result "1-0"]
[WhiteElo "2148"]
[BlackElo "1959"]
[PlyCount "79"]
[EventDate "2008.08.23"]
[SourceDate "2008.08.27"]

1. d4 Nf6 2. g3 e6 3. Bg2 d5 4. Nf3 Be7 5. c4 O-O 6. O-O dxc4 7. Qc2 a6 8. Qxc4
b5 9. Qc2 Bb7 10. Bf4 Nd5 11. Nc3 Nxf4 12. gxf4 Nd7 13. Rfd1 Qb8 14. e3 Ra7 15.
d5 exd5 16. Nxd5 Bxd5 17. Rxd5 Nf6 18. Rd2 c5 19. a4 Rc7 20. axb5 axb5 21. Ra6
Rd8 22. Rxd8+ Bxd8 23. Ne5 Rc8 24. Ra8 Qc7 25. Rxc8 Qxc8 26. Qb3 Qc7 27. Qxb5
Qb6 28. Qc4 Qc7 29. Bc6 Qa7 30. Ba4 Bc7 31. Bb3 Bxe5 32. fxe5 Nd7 33. e6 Ne5
34. exf7+ Nxf7 35. Kf1 Kf8 36. Ke2 Nh6 37. Qf4+ Nf7 38. Bd5 g5 39. Qf5 h6 40.
Kd3 1-0

[Event "OPEN A"]
[Site "?"]
[Date "2008.08.27"]
[Round "6.21"]
[White "Moravec, V."]
[Black "Galandauer, J."]
[Result "1-0"]
[WhiteElo "1966"]
[BlackElo "2123"]
[PlyCount "56"]
[EventDate "2008.08.22"]
[SourceDate "2008.08.27"]

1. d4 d5 2. Nf3 Nc6 3. Bf4 Bg4 4. e3 e6 5. Be2 Bd6 6. Bg3 Nf6 7. Nbd2 O-O 8.
O-O Ne7 9. c4 Nf5 10. Bxd6 Nxd6 11. cxd5 exd5 12. Ne5 Bxe2 13. Qxe2 c6 14. Rac1
Nfe4 15. Nxe4 Nxe4 16. b4 Nd6 17. a4 a6 18. Nd3 Qe7 19. Qc2 Rad8 20. Rfe1 Rfe8
21. Nf4 Qg5 22. Ne2 Re6 23. Ng3 Rde8 24. Re2 h5 25. f4 Qg4 26. Rce1 h4 27. Nf1
Nf5 28. h3 Qg6 {dale necitelne} 1-0

[Event "Open A"]
[Site "?"]
[Date "2008.??.??"]
[Round "6.22"]
[White "Havrlik, P."]
[Black "Pavlicek, P."]
[Result "1/2-1/2"]
[WhiteElo "1965"]
[BlackElo "2085"]
[PlyCount "35"]
[EventDate "2008.??.??"]

1. c4 e6 2. d4 d5 3. Nc3 Be7 4. Bf4 Nf6 5. e3 O-O 6. Bd3 b6 7. cxd5 Nxd5 8.
Nxd5 Qxd5 9. Nf3 Qa5+ 10. Nd2 Bb7 11. O-O Rc8 12. Nb3 Qd5 13. f3 Qd8 14. Rc1
Nd7 15. e4 c5 16. dxc5 Nxc5 17. Nxc5 Bxc5+ 18. Kh1 1/2-1/2

[Event "Open A"]
[Site "?"]
[Date "2008.??.??"]
[Round "6.23"]
[White "Hronik, P."]
[Black "Framberk, J."]
[Result "1/2-1/2"]
[WhiteElo "1954"]
[BlackElo "2054"]
[PlyCount "43"]
[EventDate "2008.??.??"]

1. Nf3 Nf6 2. d4 g6 3. Bg5 Bg7 4. Nbd2 d5 5. h4 Ne4 6. e3 c5 7. c3 Nc6 8. Bd3
Bf5 9. Qc2 cxd4 10. exd4 Nxd2 11. Nxd2 Bxd3 12. Qxd3 Qb6 13. Rb1 h6 14. Be3 Qa5
15. O-O O-O 16. b4 Qc7 17. Nf3 Rad8 18. g3 e5 19. dxe5 Nxe5 20. Nxe5 Qxe5 21.
Bd4 Qe4 22. Qxe4 1/2-1/2

[Event "OPEN A"]
[Site "?"]
[Date "2008.08.27"]
[Round "6.24"]
[White "Matejovsky, O."]
[Black "Bernath, S."]
[Result "1/2-1/2"]
[WhiteElo "2014"]
[BlackElo "1952"]
[PlyCount "35"]
[EventDate "2008.08.23"]
[SourceDate "2008.08.27"]

1. Nf3 c5 2. c4 e6 3. d4 cxd4 4. Nxd4 a6 5. g3 Qc7 6. Qc2 d6 7. Bg2 Bd7 8. O-O
Nc6 9. e3 Nf6 10. b3 Be7 11. Bb2 O-O 12. Nc3 Nxd4 13. exd4 d5 14. cxd5 exd5 15.
Rac1 Qd6 16. Rfe1 Rfe8 17. Qd3 Bf8 18. Qd2 1/2-1/2

[Event "Open A"]
[Site "?"]
[Date "2008.08.27"]
[Round "6.25"]
[White "Dvorak, M."]
[Black "Vitous, M."]
[Result "1-0"]
[WhiteElo "2001"]
[BlackElo "1910"]
[PlyCount "104"]
[EventDate "2008.08.22"]
[SourceDate "2008.08.27"]

1. e4 c5 2. Nf3 d6 3. d4 cxd4 4. Nxd4 Nf6 5. Nc3 a6 6. a4 e6 7. Be3 Qc7 8. Be2
Be7 9. O-O O-O 10. Kh1 b6 11. f4 Nbd7 12. Bf3 Bb7 13. Qe2 Rfe8 14. g4 Nc5 15.
Qg2 Kh8 16. g5 Ng8 17. Qh3 g6 18. Rad1 Bf8 19. Nde2 Bg7 20. Bd2 f5 21. gxf6
Nxf6 22. Ng3 Rad8 23. Qg2 Ba8 24. Rde1 Qd7 25. b3 Qc7 26. f5 exf5 27. exf5 Bxf3
28. Qxf3 Rxe1 29. Rxe1 Qb7 30. Qxb7 Nxb7 31. Kg2 Nc5 32. Bg5 Rf8 33. Rf1 Kg8
34. Bf4 Rd8 35. Rd1 Nb7 36. fxg6 hxg6 37. Nge4 Nxe4 38. Nxe4 Bf8 39. Kf3 Kf7
40. Ng5+ Kg8 41. Kg4 Be7 42. Kf3 Bxg5 43. Bxg5 Rd7 44. Ke4 Rc7 45. Rd2 Rc5 46.
Bf4 b5 47. axb5 axb5 48. Bxd6 Nxd6+ 49. Rxd6 Rxc2 50. Rxg6+ Kf7 51. Ra6 b4 52.
Ra5 Rxh2 1-0

[Event "OPEN A"]
[Site "?"]
[Date "2008.08.27"]
[Round "6.26"]
[White "Halla, J."]
[Black "Prochazka, P."]
[Result "0-1"]
[WhiteElo "1834"]
[BlackElo "1994"]
[PlyCount "60"]
[EventDate "2008.08.23"]
[SourceDate "2008.08.27"]

1. b3 e5 2. Bb2 Nc6 3. e3 d5 4. Bb5 Bd6 5. Bxc6+ bxc6 6. f4 Qe7 7. Nf3 f6 8.
fxe5 fxe5 9. Nxe5 Qh4+ 10. g3 Qh3 11. Qe2 Nf6 12. d4 O-O 13. Nd2 Bxe5 14. dxe5
Ng4 15. Rf1 Rxf1+ 16. Nxf1 Nh6 17. Kd2 a5 18. Qf2 Ba6 19. Ba3 Nf7 20. Qf4 Re8
21. Bb2 Qg2+ 22. Kc3 h6 23. e6 Ng5 24. Nd2 Nxe6 25. Qe5 c5 26. Ba3 d4+ 27. exd4
cxd4+ 28. Kb2 Qxd2 29. Re1 d3 30. Rc1 Qe2 0-1

[Event "OPEN A"]
[Site "?"]
[Date "2008.08.27"]
[Round "6.27"]
[White "Drabek, V."]
[Black "Hlavnicka, J."]
[Result "1-0"]
[WhiteElo "2157"]
[BlackElo "1954"]
[PlyCount "43"]
[EventDate "2008.08.23"]
[SourceDate "2008.08.27"]

1. d4 d5 2. c4 e6 3. Nf3 Nf6 4. g3 c6 5. Bg2 dxc4 6. Ne5 Bb4+ 7. Nc3 Nd5 8. Qc2
Nxc3 9. bxc3 Qxd4 10. cxb4 Qxa1 11. Nxc4 O-O 12. O-O Qf6 13. Be4 h6 14. Bb2 Qe7
15. Qc3 f5 16. Bf3 Nd7 17. Rd1 Nf6 18. b5 Nd5 19. Qe5 cxb5 20. Bxd5 bxc4 21.
Bxc4 Bd7 22. Rxd7 1-0

[Event "Open A"]
[Site "?"]
[Date "2008.08.27"]
[Round "6.28"]
[White "Krasnay, P."]
[Black "Horyna, J."]
[Result "1/2-1/2"]
[WhiteElo "2117"]
[BlackElo "1941"]
[PlyCount "52"]
[EventDate "2008.08.22"]
[SourceDate "2008.08.27"]

1. e4 e6 2. d4 d5 3. Nc3 Nf6 4. Bg5 Bb4 5. Nge2 dxe4 6. a3 Be7 7. Bxf6 Bxf6 8.
Nxe4 O-O 9. Qd3 Nd7 10. O-O-O Qe7 11. h4 c5 12. g4 Bxd4 13. Nxd4 cxd4 14. Ng5
g6 15. Qxd4 e5 16. Qd6 Qxd6 17. Rxd6 Nb6 18. Be2 f6 19. Ne4 f5 20. Nf6+ Kg7 21.
g5 f4 22. Bf3 Bf5 23. Be4 Bxe4 24. Nxe4 Rac8 25. f3 Rc7 26. Rhd1 Nc4 1/2-1/2

[Event "OPEN A"]
[Site "?"]
[Date "2008.08.27"]
[Round "6.29"]
[White "Hampel, R."]
[Black "Musil, V."]
[Result "0-1"]
[WhiteElo "1826"]
[BlackElo "2039"]
[PlyCount "58"]
[EventDate "2008.08.23"]
[SourceDate "2008.08.27"]

1. e4 e5 2. Nf3 Nc6 3. d4 exd4 4. Bc4 Bc5 5. c3 Nf6 6. cxd4 Bb4+ 7. Bd2 O-O 8.
e5 Ne4 9. Bxb4 Nxb4 10. O-O d5 11. Bb3 Nc6 12. h3 Be6 13. Nc3 Nxc3 14. bxc3 Ne7
15. Ng5 Nf5 16. Qh5 h6 17. Nxe6 fxe6 18. Bc2 Qe8 19. Qe2 Rc8 20. Qd3 c5 21. Kh2
cxd4 22. cxd4 Rc4 23. g4 Rxd4 24. Qb3 Nh4 25. Qg3 Nf3+ 26. Kg2 Rdf4 27. Rab1 b6
28. h4 h5 29. gxh5 Qxh5 0-1

[Event "Open A"]
[Site "?"]
[Date "2008.08.27"]
[Round "6.30"]
[White "Hadrava, J."]
[Black "Berg, A."]
[Result "1/2-1/2"]
[WhiteElo "2011"]
[BlackElo "1914"]
[PlyCount "92"]
[EventDate "2008.08.22"]
[SourceDate "2008.08.27"]

1. e4 Nf6 2. e5 Nd5 3. Nc3 Nxc3 4. bxc3 d6 5. f4 dxe5 6. fxe5 Bf5 7. Nf3 e6 8.
d4 Be7 9. Bd3 Bxd3 10. Qxd3 O-O 11. O-O Nd7 12. Qe4 c6 13. Qg4 Kh8 14. Bg5 h6
15. Bxe7 Qxe7 16. Rae1 c5 17. Qe4 cxd4 18. cxd4 Nb6 19. Nh4 Rac8 20. Re3 Nd5
21. Rb3 b6 22. g3 Rc3 23. Rxc3 Nxc3 24. Qf3 Rc8 25. Qxf7 Qxf7 26. Rxf7 Ne2+ 27.
Kf1 Nxd4 28. Rxa7 Rxc2 29. h3 Kh7 30. Ra6 Rb2 31. a4 Ne2 32. g4 Nf4 33. Nf3
Nxh3 34. Nd4 Ng5 35. a5 bxa5 36. Nxe6 Nxe6 37. Rxe6 Rb4 38. Ra6 Rxg4 39. Rxa5
Re4 40. Kf2 g5 41. Kf3 Rf4+ 42. Kg3 h5 43. e6 h4+ 44. Kh3 Kg6 45. Re5 Rf8 46.
e7 Re8 1/2-1/2

[Event "Open A"]
[Site "?"]
[Date "2008.08.27"]
[Round "6.31"]
[White "Hlina, M."]
[Black "Pataridis, J."]
[Result "1/2-1/2"]
[WhiteElo "1783"]
[BlackElo "2000"]
[PlyCount "69"]
[EventDate "2008.08.22"]
[SourceDate "2008.08.27"]

1. d4 Nf6 2. Nf3 g6 3. b3 Bg7 4. Bb2 O-O 5. e3 b6 6. Bd3 d6 7. Nbd2 Bb7 8. O-O
c5 9. c3 Nbd7 10. Rc1 Rc8 11. Qe2 e5 12. dxe5 dxe5 13. e4 Nh5 14. g3 Qe7 15.
Rcd1 Rcd8 16. Rfe1 Bf6 17. Nf1 Ng7 18. Ne3 Rfe8 19. Ng4 Ne6 20. Bc1 h5 21.
Nxf6+ Qxf6 22. h4 Qe7 23. Ng5 Nxg5 24. Bxg5 f6 25. Be3 Kh7 26. Kg2 Bc6 27. f3
Nf8 28. Bc4 Ne6 29. Bxe6 Qxe6 30. Rxd8 Rxd8 31. Rd1 Bd7 32. Kg1 Rg8 33. Qd2 Rg7
34. Qd6 Qh3 35. Bf2 1/2-1/2

[Event "OPEN A"]
[Site "?"]
[Date "2008.08.27"]
[Round "6.32"]
[White "Schmalz, M."]
[Black "Zvara, D."]
[Result "1/2-1/2"]
[WhiteElo "1993"]
[BlackElo "1802"]
[PlyCount "78"]
[EventDate "2008.08.23"]
[SourceDate "2008.08.27"]

1. e4 e5 2. Bc4 Bc5 3. Nf3 d6 4. c3 Nf6 5. d4 exd4 6. cxd4 Bb4+ 7. Bd2 Bxd2+ 8.
Nbxd2 O-O 9. O-O Bg4 10. Qc2 Nbd7 11. h3 Bxf3 12. Nxf3 Nb6 13. Bd3 h6 14. a4
Re8 15. a5 Nbd7 16. b4 Nh5 17. a6 b6 18. Bb5 Re7 19. Bc6 Rb8 20. b5 Ndf6 21.
Nd2 Nf4 22. Nb3 d5 23. f3 N6h5 24. Rae1 Re6 25. exd5 Rg6 26. Re8+ Qxe8 27. Bxe8
Rxg2+ 28. Qxg2 Nxg2 29. Bxf7+ Kxf7 30. Kxg2 Nf4+ 31. Kf2 Nxd5 32. Rc1 Re8 33.
Nd2 Re3 34. Nc4 Rb3 35. Ne5+ Kg8 36. Nc6 Rxb5 37. Ra1 Nb4 38. Nxa7 Ra5 39. Rxa5
bxa5 1/2-1/2

[Event "OPEN A"]
[Site "?"]
[Date "2008.08.27"]
[Round "6.33"]
[White "Cervenka, P."]
[Black "Zdenek, P."]
[Result "1-0"]
[WhiteElo "1985"]
[BlackElo "1775"]
[PlyCount "71"]
[EventDate "2008.08.23"]
[SourceDate "2008.08.27"]

1. e4 c5 2. Nc3 Nc6 3. g3 g6 4. Bg2 Bg7 5. d3 e6 6. f4 Nge7 7. Nf3 d6 8. O-O
O-O 9. Be3 f5 10. e5 dxe5 11. fxe5 Nd4 12. Qd2 Nec6 13. Bg5 Qd7 14. Nxd4 Nxd4
15. Rae1 Rb8 16. g4 b5 17. gxf5 gxf5 18. Nd1 Bb7 19. Re3 h6 20. Bf4 Bxg2 21.
Qxg2 Kf7 22. c3 Nc6 23. Rg3 Rg8 24. Re1 b4 25. Ne3 bxc3 26. Nxf5 Kf8 27. Nxg7
Rxb2 28. Qf1 Rxg7 29. Bxh6+ Qf7 30. Bxg7+ Ke8 31. Qxf7+ Kxf7 32. Rg2 Nd4 33.
Rf1+ Ke7 34. Bf8+ Kd7 35. Rxb2 cxb2 36. Kf2 1-0

[Event "Open A"]
[Site "?"]
[Date "2008.??.??"]
[Round "6.35"]
[White "Skokan, F."]
[Black "Vesecky, M."]
[Result "1/2-1/2"]
[WhiteElo "1747"]
[BlackElo "1957"]
[PlyCount "109"]
[EventDate "2008.??.??"]

1. e4 c5 2. Nf3 d6 3. d4 cxd4 4. Nxd4 Nf6 5. Nc3 e6 6. Be2 a6 7. O-O Be7 8. Be3
O-O 9. f4 Nbd7 10. Qe1 Qc7 11. Qg3 Kh8 12. Kh1 b5 13. a3 Bb7 14. Bf3 Nc5 15. e5
dxe5 16. fxe5 Nfe4 17. Nxe4 Nxe4 18. Bxe4 Bxe4 19. c3 Rab8 20. Rf4 Bg6 21. Raf1
a5 22. Nf3 b4 23. axb4 axb4 24. Bd4 Qc4 25. Ng5 h6 26. Bg1 Qxf4 27. Qxf4 Bxg5
28. Qf3 bxc3 29. bxc3 Rfd8 30. Bd4 Rb3 31. Qc6 Rdb8 32. g3 Rb2 33. Rf2 Rb1+ 34.
Kg2 Re1 35. Qd6 Rbb1 36. Qf8+ Kh7 37. Rxf7 Bxf7 38. Qxf7 Re2+ 39. Kh3 Rh1 40.
Qxe6 h5 41. Qf5+ Kh6 42. Bf2 Rf1 43. Qe6+ Bf6 44. Bd4 Rh1 45. g4 Rhxh2+ 46. Kg3
Rhg2+ 47. Kf3 hxg4+ 48. Kf4 Re1 49. Be3 Rge2 50. exf6 Rxe3 51. fxg7+ Rxe6 52.
g8=Q R1e4+ 53. Kg3 Re3+ 54. Kh4 R6e4 55. Qg5+ 1/2-1/2

[Event "OPEN A"]
[Site "?"]
[Date "2008.08.27"]
[Round "6.35"]
[White "Havelka, P."]
[Black "Muzikar, M."]
[Result "1/2-1/2"]
[WhiteElo "1957"]
[BlackElo "1837"]
[PlyCount "45"]
[EventDate "2008.08.23"]
[SourceDate "2008.08.27"]

1. d4 d5 2. c4 e6 3. Nc3 Nf6 4. Bg5 Nbd7 5. e3 c6 6. Nf3 Qa5 7. Bxf6 Nxf6 8.
Nd2 Bb4 9. Qc2 dxc4 10. Bxc4 e5 11. Nb3 Qc7 12. O-O O-O 13. Ne4 Nxe4 14. Qxe4
exd4 15. Nxd4 Bd6 16. h3 Bd7 17. Bd3 g6 18. Nf3 Bf5 19. Qc4 Bxd3 20. Qxd3 Rad8
21. Qc2 Rfe8 22. Rac1 Bf8 23. b3 1/2-1/2

[Event "Open A"]
[Site "?"]
[Date "2008.??.??"]
[Round "6.37"]
[White "Vorackova, J."]
[Black "Rmoutil, M."]
[Result "1-0"]
[WhiteElo "1905"]
[BlackElo "1988"]
[PlyCount "73"]
[EventDate "2008.??.??"]

1. d4 Nf6 2. c4 e6 3. Nc3 Bb4 4. Qc2 O-O 5. Nf3 b6 6. e4 d5 7. e5 Ne4 8. Bd3
Bb7 9. O-O Bxc3 10. bxc3 Nd7 11. cxd5 exd5 12. Bxe4 dxe4 13. Ng5 c5 14. Nxe4
Qh4 15. f4 cxd4 16. cxd4 Rac8 17. Qe2 Rc6 18. Nd6 Rxd6 19. exd6 Nf6 20. Bd2 Re8
21. Qd3 Qg4 22. Qg3 Qe2 23. Rf2 Qb5 24. Qb3 Qd7 25. Bb4 a5 26. Bc3 Bd5 27. Qxb6
Ne4 28. Rc2 Qg4 29. Bxa5 Qxf4 30. Re1 Nxd6 31. Rxe8+ Nxe8 32. Re2 Be6 33. Qc6
Qxd4+ 34. Kh1 Nd6 35. Qa8+ Bc8 36. Qxc8+ $1 Nxc8 37. Re8# 1-0

[Event "Open A"]
[Site "?"]
[Date "2008.??.??"]
[Round "6.38"]
[White "Feierfeil, J."]
[Black "Chromovsky, H."]
[Result "0-1"]
[WhiteElo "1947"]
[BlackElo "1804"]
[PlyCount "116"]
[EventDate "2008.??.??"]

1. d4 Nf6 2. Nf3 g6 3. Bf4 Bg7 4. e3 d6 5. Nbd2 c5 6. c3 Bd7 7. Bc4 b5 8. Be2
Bc6 9. dxc5 dxc5 10. O-O a6 11. Qc2 Nbd7 12. e4 Ng4 13. Rad1 Qc8 14. Bg3 O-O
15. h3 Nge5 16. Nxe5 Nxe5 17. f4 Nd7 18. Bf3 e5 19. f5 c4 20. Bh4 Qb7 21. g4
Rfe8 22. Bg2 f6 23. g5 fxg5 24. Bxg5 gxf5 25. Rxf5 Rf8 26. Rdf1 Rxf5 27. Rxf5
Rf8 28. Rxf8+ Kxf8 29. Qd1 Nc5 30. Qf3+ Qf7 31. Qe3 Nd3 32. b3 Ke8 33. bxc4
bxc4 34. Qb6 Kd7 35. Nxc4 Bf6 36. Qa7+ Ke6 37. Qxf7+ Kxf7 38. Bxf6 Kxf6 39. Nd2
Nc1 40. Kf2 Nxa2 41. Nb1 Nc1 42. Ke3 Nb3 43. Na3 Nc5 44. c4 Kg5 45. Nb1 Kh4 46.
Nc3 a5 47. Nd5 a4 48. Kd2 Kg3 49. Bf1 Nxe4+ 50. Ke3 Nd6 51. Nb4 a3 52. c5 Nf5+
53. Kd2 Nd4 54. Kc3 Bb5 55. Bxb5 Nxb5+ 56. Kd3 Kxh3 57. Ke4 Kg3 58. Kxe5 h5 0-1

[Event "Open A"]
[Site "?"]
[Date "2008.08.27"]
[Round "6.39"]
[White "Adamik, F."]
[Black "Urban, M."]
[Result "0-1"]
[WhiteElo "1921"]
[BlackElo "1875"]
[PlyCount "110"]
[EventDate "2008.08.22"]
[SourceDate "2008.08.27"]

1. e4 e5 2. Nf3 Nc6 3. Bc4 Nf6 4. Ng5 d5 5. exd5 Nd4 6. c3 b5 7. Bf1 Nxd5 8.
cxd4 Qxg5 9. Bxb5+ Kd8 10. Qf3 Bb7 11. h4 Qf4 12. Qxf4 Nxf4 13. f3 exd4 14. Kf1
Bd6 15. Na3 a6 16. Ba4 Bd5 17. b3 c5 18. Nc4 Kc7 19. Nxd6 Kxd6 20. Ba3 Nd3 21.
Ke2 Nf4+ 22. Kf2 Bc6 23. Bxc6 Kxc6 24. g3 Ne6 25. f4 Rac8 26. Rhe1 Rc7 27. f5
Nd8 28. Rac1 Kd5 29. Kf3 Nb7 30. Kf4 f6 31. g4 Rd8 32. g5 Rd6 33. Re8 Rdc6 34.
d3 Nd6 35. Rh8 fxg5+ 36. hxg5 Rf7 37. Rxh7 Rxf5+ 38. Kg4 Rf2 39. Rg1 g6 40. Rg7
Nf5 41. Rd7+ Rd6 42. Rc7 Rc6 43. Ra7 Ne3+ 44. Kg3 Rxa2 45. Bc1 Re6 46. Rd7+ Kc6
47. Rf7 Nf5+ 48. Kg4 Kd5 49. Bf4 a5 50. Rd7+ Nd6 51. Bxd6 Rxd6 52. Rf7 a4 53.
bxa4 Rxa4 54. Rf6 c4 55. dxc4+ Rxc4 0-1

[Event "OPEN A"]
[Site "?"]
[Date "2008.08.27"]
[Round "6.40"]
[White "Hajek, J."]
[Black "Rutter, L."]
[Result "1-0"]
[WhiteElo "1713"]
[BlackElo "1893"]
[PlyCount "41"]
[EventDate "2008.08.23"]
[SourceDate "2008.08.27"]

1. e4 Nf6 2. e5 Nd5 3. c4 Nb6 4. c5 Nd5 5. Bc4 e6 6. d4 d6 7. cxd6 cxd6 8. Nf3
Nc6 9. O-O Be7 10. Re1 O-O 11. a3 a6 12. Nbd2 b5 13. Bd3 Nf4 14. Bxh7+ Kh8 15.
Be4 d5 16. Bc2 b4 17. Nb3 Ng6 18. Nfd2 bxa3 19. bxa3 Bg5 20. Qh5+ Kg8 21. Nf3
1-0

[Event "Open A"]
[Site "?"]
[Date "2008.08.27"]
[Round "6.41"]
[White "Havlicek, P."]
[Black "Stepanek, S."]
[Result "0-1"]
[WhiteElo "1601"]
[BlackElo "2044"]
[PlyCount "66"]
[EventDate "2008.08.22"]
[SourceDate "2008.08.27"]

1. e4 e5 2. Nf3 Nc6 3. Bc4 Be7 4. Nc3 Nf6 5. d3 h6 6. h3 d6 7. Be3 Na5 8. Bb3
Nxb3 9. axb3 a6 10. Qd2 Bd7 11. O-O O-O 12. Rfe1 Re8 13. d4 Bf8 14. Nh2 c6 15.
f3 exd4 16. Bxd4 c5 17. Be3 Bc6 18. Nd5 Nxd5 19. exd5 Bd7 20. c4 Qf6 21. Ng4
Qg6 22. Bf4 Bxg4 23. fxg4 Qf6 24. Be3 g5 25. Rf1 Qe5 26. Rae1 Qg3 27. Rf3 Qe5
28. Qf2 Re7 29. Rf1 Bg7 30. Bc1 Qd4 31. Re3 Rae8 32. Rxe7 Rxe7 33. Kh1 Qxf2 0-1

[Event "Open A"]
[Site "?"]
[Date "2008.08.27"]
[Round "6.43"]
[White "Lexa, V."]
[Black "Sedivy, O."]
[Result "1-0"]
[WhiteElo "1937"]
[BlackElo "1638"]
[Annotator "Øeøábek,Jaroslav"]
[PlyCount "75"]
[EventDate "2008.08.22"]
[SourceDate "2008.08.27"]

1. d4 d5 2. c4 c6 3. Nc3 Nf6 4. e3 e6 5. Nf3 Nbd7 6. Bd3 dxc4 7. Bxc4 b5 8. Bd3
Bb7 9. O-O a6 10. Qe2 c5 11. Rd1 c4 12. Bc2 Be7 13. Ne5 O-O 14. a3 Qc7 15. f4
Nxe5 16. fxe5 Nd7 17. Qh5 g6 18. Qg4 Kg7 19. Ne2 h5 20. Qg3 Rh8 21. Nf4 Rh6 22.
Rf1 Rah8 23. Bd2 Nb6 24. e4 Qd7 25. Bc3 g5 26. Nh3 Qd8 27. Rf2 g4 28. Raf1 Rf8
29. Rf6 $3 Bxf6 30. Rxf6 $3 $18 Rxf6 31. exf6+ Kxf6 32. Qh4+ Kg7 33. Ng5 Nd7
34. Qxh5 Kf6 35. Nh7+ Ke7 36. Bb4+ Ke8 37. Nxf8 Nf6 38. Qe5 1-0

[Event "OPEN A"]
[Site "?"]
[Date "2008.08.27"]
[Round "6.44"]
[White "Kyselka, D."]
[Black "Pospisil, M."]
[Result "1/2-1/2"]
[WhiteElo "1802"]
[BlackElo "1758"]
[PlyCount "49"]
[EventDate "2008.08.23"]
[SourceDate "2008.08.27"]

1. c4 c6 2. g3 d5 3. cxd5 cxd5 4. Bg2 Nf6 5. Nf3 e6 6. O-O Nc6 7. d4 Be7 8. Nc3
O-O 9. a3 a5 10. Rb1 Bd7 11. Ne1 Na7 12. Nd3 Nb5 13. Ne5 Nxc3 14. bxc3 Qc7 15.
c4 Bc6 16. c5 Nd7 17. Nxc6 Qxc6 18. Qb3 Ra7 19. Re1 f5 20. f3 Nf6 21. Bd2 Bd8
22. Bf4 Rf7 23. Rb2 Bc7 24. Bxc7 Rxc7 25. e4 1/2-1/2

[Event "OPEN B"]
[Site "?"]
[Date "2008.08.27"]
[Round "6.1"]
[White "Hrdina, R."]
[Black "Blumel, M."]
[Result "1-0"]
[WhiteElo "1624"]
[BlackElo "1675"]
[PlyCount "107"]
[EventDate "2008.08.22"]
[SourceDate "2008.08.27"]

1. e4 e5 2. Nc3 Nf6 3. f4 d5 4. fxe5 Nxe4 5. Nf3 Nxc3 6. bxc3 Bg4 7. d4 c5 8.
Bb5+ Nc6 9. O-O Be7 10. Qe1 Bxf3 11. Rxf3 cxd4 12. Bxc6+ bxc6 13. cxd4 Bh4 14.
Qe2 O-O 15. Ra3 Bg5 16. Qh5 h6 17. Rg3 Bxc1 18. Rxc1 Kh7 19. Qf5+ g6 20. Qf4 f6
21. e6 Qe7 22. Re1 f5 23. Rb3 Rae8 24. Qe5 Rf6 25. Rbe3 f4 26. Rb3 Rxe6 27.
Qxe6 Qxe6 28. Rxe6 Rxe6 29. Rb7+ Kg8 30. Rxa7 Re2 31. Ra3 Rxc2 32. Ra7 Rc4 33.
Ra6 Kf7 34. a4 Rxd4 35. a5 Ra4 36. Ra8 Ra2 37. a6 c5 38. a7 c4 39. Rh8 Ke6 40.
a8=Q Rxa8 41. Rxa8 Ke5 42. Kf1 Ke4 43. Ke2 g5 44. Kd2 Kd4 45. Rh8 Ke4 46. Rxh6
d4 47. Re6+ Kd5 48. Rg6 g4 49. Rxg4 Ke4 50. g3 c3+ 51. Kc2 Ke3 52. Rxf4 d3+ 53.
Kxc3 d2 54. Rd4 1-0

[Event "OPEN B"]
[Site "?"]
[Date "2008.08.27"]
[Round "6.2"]
[White "Kalvach, L."]
[Black "Rihova, K."]
[Result "1-0"]
[WhiteElo "1881"]
[BlackElo "1649"]
[PlyCount "71"]
[EventDate "2008.08.22"]
[SourceDate "2008.08.27"]

1. e4 c5 2. b3 b6 3. Bb2 Bb7 4. d3 Nc6 5. f4 d5 6. Nd2 Nf6 7. e5 Nd7 8. e6 fxe6
9. Qh5+ g6 10. Qg4 Nf6 11. Qxe6 Qd7 12. Qxd7+ Kxd7 13. Ngf3 Rg8 14. O-O-O Re8
15. Re1 Bg7 16. d4 Nh5 17. Ne5+ Bxe5 18. fxe5 Nxd4 19. Bxd4 cxd4 20. Nf3 e6 21.
Nxd4 Rc8 22. g3 Ng7 23. Bb5+ Ke7 24. g4 Rgf8 25. Rhf1 h6 26. Kd2 g5 27. Bd3 h5
28. h3 Rh8 29. Rf6 hxg4 30. hxg4 Rcf8 31. Ref1 Rh2+ 32. Ke3 Rh3+ 33. Kd2 Rh2+
34. Ne2 Rfh8 35. Bg6 Ba6 36. Rf7+ 1-0

[Event "OPEN B"]
[Site "?"]
[Date "2008.08.27"]
[Round "6.3"]
[White "Fojtu, T."]
[Black "Klima, J."]
[Result "0-1"]
[WhiteElo "1603"]
[BlackElo "1667"]
[PlyCount "70"]
[EventDate "2008.08.23"]
[SourceDate "2008.08.27"]

1. e4 c5 2. Nf3 d6 3. d4 cxd4 4. Nxd4 a6 5. Bd3 Nf6 6. O-O e6 7. Nc3 Be7 8. Kh1
Nc6 9. Be3 Qc7 10. Nf3 O-O 11. a3 b5 12. Ng5 Ne5 13. Be2 h6 14. Nh3 Bb7 15. f3
Nfd7 16. Qe1 Bf6 17. Nf4 Nc4 18. Bc1 Rad8 19. Nh5 Bd4 20. Qg3 Kh8 21. Bf4 Ndb6
22. e5 f5 23. exd6 Qf7 24. Qh3 e5 25. Bc1 Rxd6 26. f4 e4 27. Ng3 Nd5 28. Nd1 e3
29. Bxc4 bxc4 30. Ne2 Rg6 31. Rf3 Bb6 32. Rg3 Rd8 33. Rxg6 Qxg6 34. Qg3 Nxf4
35. Bxe3 Bxg2+ 0-1

[Event "OPEN B"]
[Site "?"]
[Date "2008.08.27"]
[Round "6.4"]
[White "Rubes, Z."]
[Black "Vorisek, M."]
[Result "1/2-1/2"]
[WhiteElo "1757"]
[BlackElo "1587"]
[PlyCount "41"]
[EventDate "2008.08.23"]
[SourceDate "2008.08.27"]

1. e4 c5 2. Nf3 e6 3. d4 cxd4 4. Nxd4 Nf6 5. Nc3 Nc6 6. Be2 Bb4 7. f3 d5 8. Bb5
Bd7 9. Bxc6 Bxc6 10. e5 Nd7 11. Nxc6 bxc6 12. f4 Qh4+ 13. g3 Qd8 14. Be3 c5 15.
Bd2 O-O 16. O-O Rb8 17. b3 Qc7 18. Na4 Ba3 19. Bc1 Bb4 20. Bd2 Ba3 21. Bc1
1/2-1/2